000 003130000a22001450004500
003 MACL
040 _aMACL
090 _c33957
_d33955
100 _aKanetkar, Yashavant
245 _aC++ . Net
260 _bBPB Publications
_c2002
350 _a225
650 _aComputer probraming
942 _cBOOK
_k005.133/Kha
999 _c33601
_d33601